Effectif FC Nantes 2024/2025 - Statistiques

Statistiques générales
  • Ce quiz a été pris 19 fois
  • Le résultat moyen est 13 sur 26
Statistiques - réponses
Poste Valeur Marchande Joueur % Correct
Gardien 1 200 000 Anthony Lopes
86%
Attaquant 22 000 000 Matthis Abline
86%
Attaquant 4 000 000 Herba Guirassy
71%
Milieu 6 000 000 Johann Lepenant
71%
Défenseur 3 500 000 Nicolas Cozza
71%
Milieu 9 000 000 Louis Leroux
64%
Attaquant 5 000 000 Mostafa Mohamed
64%
Milieu 600 000 Dehmaine Tabibou
57%
Défenseur 2 500 000 Kelvin Amian
57%
Défenseur 3 000 000 Chidozie Awaziem
50%
Défenseur 1 500 000 Fabien Centonze
50%
Défenseur 6 000 000 Tylel Tati
50%
Attaquant 150 000 Youssef El Arabi
50%
Milieu 900 000 Francis Coquelin
43%
Milieu 700 000 Hyeok-kyu Kwon
43%
Milieu 3 500 000 Hyun-seok Hong
43%
Attaquant 3 000 000 Mayckel Lahdo
43%
Gardien 600 000 Patrik Carlgren
43%
Gardien 100 000 Alexis Mirbach
36%
Attaquant 1 500 000 Amady Camara
36%
Milieu 6 000 000 Junior Mwanga
36%
Milieu 100 000 Bahmed Deuff
29%
Défenseur 50 000 Sékou Doucouré
29%
Défenseur 650 000 Uros Radakovic
21%
Attaquant 2 000 000 Yassine Benhattab
21%
Attaquant 50 000 Adel Mahamoud
14%
Aucun quiz correspondant
Distribution des résultats
% des personnes avec chaque résultat
Percentile par nombre de réponses
Votre historique - résultats
Vous n’avez pas pris ce quiz